header

The great name : (Record no. 88433)

MARC details
000 -LEADER
fixed length control field 01914nam a2200433 i 4500
001 - CONTROL NUMBER
control field ebr10835429
003 - CONTROL NUMBER IDENTIFIER
control field CaPaEBR
006 - FIXED-LENGTH DATA ELEMENTS--ADDITIONAL MATERIAL CHARACTERISTICS--GENERAL INFORMATION
fixed length control field m o d
007 - PHYSICAL DESCRIPTION FIXED FIELD--GENERAL INFORMATION
fixed length control field cr cn|||||||||
008 - FIXED-LENGTH DATA ELEMENTS--GENERAL INFORMATION
fixed length control field 130404s2013 gau ob 001 0 eng|d
020 ## - INTERNATIONAL STANDARD BOOK NUMBER
Cancelled/invalid ISBN 9781589837676 (hardcover binding : alk. paper)
Cancelled/invalid ISBN 9781589837355 (paper binding : alk. paper)
International Standard Book Number 9781589837362 (e-book)
040 ## - CATALOGING SOURCE
Original cataloging agency CaPaEBR
Language of cataloging eng
Description conventions rda
-- pn
Transcribing agency CaPaEBR
035 ## - SYSTEM CONTROL NUMBER
System control number (OCoLC)872681468
043 ## - GEOGRAPHIC AREA CODE
Geographic area code f-ua---
050 14 - LIBRARY OF CONGRESS CALL NUMBER
Classification number DT83
Item number .G74 2013eb
082 04 - DEWEY DECIMAL CLASSIFICATION NUMBER
Classification number 932
Edition number 23
245 04 - TITLE STATEMENT
Title The great name :
Remainder of title ancient Egyptian royal titulary /
Statement of responsibility, etc edited by Ronald J. Leprohon.
264 #1 - PRODUCTION, PUBLICATION, DISTRIBUTION, MANUFACTURE, AND COPYRIGHT NOTICE
Place of production, publication, distribution, manufacture Atlanta :
Name of producer, publisher, distributor, manufacturer Society of Biblical Literature,
Date of production, publication, distribution, manufacture, or copyright notice 2013.
300 ## - PHYSICAL DESCRIPTION
Extent 1 online resource (291 pages).
336 ## - CONTENT TYPE
Content type term text
Source rdacontent
337 ## - MEDIA TYPE
Media type term computer
Source rdamedia
338 ## - CARRIER TYPE
Carrier type term online resource
Source rdacarrier
490 1# - SERIES STATEMENT
Series statement Writings from the ancient world ;
Volume number/sequential designation Number 33
504 ## - BIBLIOGRAPHY, ETC. NOTE
Bibliography, etc Includes bibliographical references and index.
588 ## - SOURCE OF DESCRIPTION NOTE
Source of description note Description based on print version record.
590 ## - LOCAL NOTE (RLIN)
Local note Electronic reproduction. Palo Alto, Calif. : ebrary, 2014. Available via World Wide Web. Access may be limited to ebrary affiliated libraries.
650 #0 - SUBJECT ADDED ENTRY--TOPICAL TERM
Topical term or geographic name as entry element Titles of honor and nobility
Geographic subdivision Egypt
General subdivision History
Chronological subdivision To 1500.
651 #0 - SUBJECT ADDED ENTRY--GEOGRAPHIC NAME
Geographic name Egypt
General subdivision Kings and rulers
-- Titles.
Geographic name Egypt
General subdivision History
Chronological subdivision To 332 B.C.
Geographic name Egypt
General subdivision History
Chronological subdivision 332-30 B.C.
655 #0 - INDEX TERM--GENRE/FORM
Genre/form data or focus term Electronic books.
700 1# - ADDED ENTRY--PERSONAL NAME
Personal name Leprohon, Ronald J.
776 08 - ADDITIONAL PHYSICAL FORM ENTRY
Display text Print version:
Title Great name : ancient Egyptian royal titulary.
Place, publisher, and date of publication Atlanta : Society of Biblical Literature, 2013
Physical description xx, 270 pages
Series data for related item Writings from the ancient world ; Number 33
International Standard Book Number 9781589837355
Record control number (DLC)10835429
797 2# - LOCAL ADDED ENTRY--CORPORATE NAME (RLIN)
Corporate name or jurisdiction name as entry element ebrary.
830 #0 - SERIES ADDED ENTRY--UNIFORM TITLE
Uniform title Writings from the ancient world ;
Volume number/sequential designation no. 33.
856 40 - ELECTRONIC LOCATION AND ACCESS
Uniform Resource Identifier <a href="http://site.ebrary.com/lib/rucke/Doc?id=10835429">http://site.ebrary.com/lib/rucke/Doc?id=10835429</a>
Public note An electronic book accessible through the World Wide Web; click to view

No items available.

© 2026 Rongo University
Contact us: librarian | system librarian | Rongo university